[Event "World School-ch U09"]
[Site "Rhodes"]
[Date "2023.04.18"]
[Round "5"]
[White "Asici, Poyraz Efe"]
[Black "Kiringoda, Thehas Rithmitha"]
[Result "0-1"]
[WhiteElo "1191"]
[BlackElo "1196"]
[PlyCount "68"]
[EventDate "2023.04.14"]
[EventType "swiss"]
[EventRounds "9"]
[EventCountry "GRE"]
[SourceTitle "EXT 2024"]
[Source "ChessBase"]
[SourceDate "2023.10.10"]
[SourceVersion "1"]
[SourceVersionDate "2023.10.10"]
[SourceQuality "1"]

1. d4 d5 2. Nf3 Nf6 3. c4 e6 4. g3 Bb4+ 5. Nc3 c6 6. Bg2 0-0 7. 0-0 Nbd7 8. Qc2 Bxc3 9. bxc3 Ne4 10. Nd2 f5 11. Ba3 Re8 12. f3 Nxd2 13. Qxd2 Nb6 14. c5 Nc4 15. Qc1 Qe7 16. e4 Qf6 17. Re1 Bd7 18. Bf1 Nxa3 19. e5 Qg6 20. Qxa3 h5 21. f4 h4 22. Re3 b5 23. Kh1 Qh6 24. Qc1 Kf7 25. Rf3 Rh8 26. Qd2 Rag8 27. gxh4 Qxh4 28. Rg3 Qxg3 29. h3 g5 30. fxg5 Rxg5 31. Bg2 Rxh3+ 32. Bxh3 Qxh3+ 33. Qh2 Qf3+ 34. Qg2 Qxg2# 0-1

[Event "World School-ch U09"]
[Site "Rhodes"]
[Date "2023.04.17"]
[Round "4"]
[White "Chighvinadze, Robert"]
[Black "Asici, Poyraz Efe"]
[Result "0-1"]
[WhiteElo "1301"]
[BlackElo "1191"]
[PlyCount "44"]
[EventDate "2023.04.14"]
[EventType "swiss"]
[EventRounds "9"]
[EventCountry "GRE"]
[SourceTitle "EXT 2024"]
[Source "ChessBase"]
[SourceDate "2023.10.10"]
[SourceVersion "1"]
[SourceVersionDate "2023.10.10"]
[SourceQuality "1"]

1. e4 c5 2. c3 d5 3. exd5 Nf6 4. Bb5+ Nbd7 5. c4 a6 6. Ba4 b5 7. cxb5 Nxd5 8. bxa6 Bxa6 9. Bc6 Nb4 10. Be4 Bd3 11. Bxd3 Nxd3+ 12. Kf1 c4 13. Nc3 e6 14. Nf3 N7c5 15. g3 Nb3 16. Rb1 Qb6 17. Ne4 f5 18. axb3 fxe4 19. Nd4 Qxd4 20. Qh5+ g6 21. Qb5+ Kf7 22. Qd7+ Qxd7 0-1

[Event "TUR-ch U07/12"]
[Site "Antalya"]
[Date "2023.01.26"]
[Round "8"]
[White "Akyuz, Pars"]
[Black "Asici, Poyraz Efe"]
[Result "0-1"]
[WhiteElo "1220"]
[BlackElo "1213"]
[PlyCount "78"]
[EventDate "2023.01.17"]
[EventType "swiss"]
[EventRounds "10"]
[EventCountry "TUR"]
[SourceTitle "EXT 2024"]
[Source "ChessBase"]
[SourceDate "2023.10.10"]
[SourceVersion "1"]
[SourceVersionDate "2023.10.10"]
[SourceQuality "1"]

1. e4 c5 2. Nf3 e6 3. c3 Nc6 4. d4 d5 5. e5 Nge7 6. Bd3 Nf5 7. Bxf5 exf5 8. 0-0 Be6 9. Be3 c4 10. Nbd2 Be7 11. b3 b5 12. bxc4 bxc4 13. Qc2 Rg8 14. Rfb1 Qd7 15. Bg5 Bf8 16. Qb2 h6 17. Be3 g5 18. Nf1 f4 19. Bd2 Bf5 20. Qb7 Rc8 21. Qxd7+ Kxd7 22. Rb7+ Rc7 23. Rxc7+ Kxc7 24. a4 Na5 25. g3 Be7 26. Kg2 h5 27. h4 Nb3 28. Rd1 Nxd2 29. Rxd2 gxh4 30. Kh2 Be4 31. Nxh4 Bxh4 32. gxh4 Rg2+ 33. Kh3 Rg1 34. f3 Bf5+ 35. Kh2 Rxf1 36. Kg2 Rc1 37. Kf2 Rxc3 38. Ke2 Re3+ 39. Kd1 c3 0-1